Činitele pôsobiace na zmeny v práci riadiacich pracovníkov v dôsledku uplatňovania samočinných počítačov záverečná práca postgraduálneho štúdia

Salvato in:
Dettagli Bibliografici
Autore principale: Grekčo, Igor
Ente Autore: Vysoká škola ekonomická v Bratislave
Altri autori: Milly, Sigfrid
Natura: Libro
Lingua:slovacco
Pubblicazione: Bratislava 1985
Tags: Aggiungi Tag
Nessun Tag, puoi essere il primo ad aggiungerne!!

MARC

LEADER 00000nam a2200000 4500
001 c033385
005 20221220075205.5
041 0 |a slo 
044 |a SK 
245 1 0 |a Činitele pôsobiace na zmeny v práci riadiacich pracovníkov v dôsledku uplatňovania samočinných počítačov  |b záverečná práca postgraduálneho štúdia  |c Igor Grekčo ; Ved. práce Sigfrid Milly 
264 1 |a Bratislava  |c 1985 
300 |a 31 s. 
100 1 |a Grekčo, Igor 
700 1 |a Milly, Sigfrid 
710 2 |a Vysoká škola ekonomická v Bratislave